ბათუმის შოთა რუსთაველის სახელმწიფო უნივერსიტეტის ბიბლიოთეკა

მამის ღიმილი (ბიბ.ჩანაწერი № 43342)

000 -LEADER
fixed length control field 00749nam a2200229Ia 4500
001 - CONTROL NUMBER
control field 10070
003 - CONTROL NUMBER IDENTIFIER
control field GE_BSU
008 - FIXED-LENGTH DATA ELEMENTS--GENERAL INFORMATION
fixed length control field 181216s||||||||xx |||||||||||||| ||und||
040 ## - CATALOGING SOURCE
Transcribing agency GE_BSU
080 ## - UNIVERSAL DECIMAL CLASSIFICATION NUMBER
Universal Decimal Classification number 821.353.1–1+821.353.1-11
100 ## - MAIN ENTRY--PERSONAL NAME
Personal name როყვა,შოთა
245 ## - TITLE STATEMENT
Title მამის ღიმილი
245 ## - TITLE STATEMENT
Remainder of title ლექსები და პოემები
245 ## - TITLE STATEMENT
Statement of responsibility, etc. რედ.ნ.მალაზონია,მხატვ.ვ.კვერნაძე
260 ## - PUBLICATION, DISTRIBUTION, ETC.
Place of publication, distribution, etc. ბათუმი
260 ## - PUBLICATION, DISTRIBUTION, ETC.
Name of publisher, distributor, etc. სახელგამი
260 ## - PUBLICATION, DISTRIBUTION, ETC.
Date of publication, distribution, etc. 1960
300 ## - PHYSICAL DESCRIPTION
Extent 80გვ.17სმ.
653 ## - INDEX TERM--UNCONTROLLED
Uncontrolled term ლექსები და პოემები
653 ## - INDEX TERM--UNCONTROLLED
Uncontrolled term მამის ღიმილი
942 ## - ADDED ENTRY ELEMENTS (KOHA)
Koha item type წიგნი
ეგზემპლარები
Withdrawn status Lost status Damaged status Not for loan Date acquired Barcode Date last seen Price effective from Koha item type
        2018-12-17 33508 2018-12-17 2018-12-17 წიგნი